Statistics for Countries that Visit Iceland the Most

Click here to take the quiz!

General Stats

  • This quiz has been taken 470 times
  • The average score is 9 of 10

Answer Stats

RankCountry# of visitors% Correct
2United Kingdom316,395
98%
1United States415,287
98%
8Norway51,012
97%
7Sweden54,515
97%
4France85,221
95%
3Germany132,789
95%
5Canada83,144
93%
9Denmark49,951
91%
6China66,781
79%
10Poland39,613
71%

Score Distribution

Percentile by Number Answered

Percent of People with Each Score

Your Score History

You have not taken this quiz